[Event "FIDE Open World Blitz 2021"]
[Site "Warsaw"]
[Date "2021.12.29"]
[Round "2.24"]
[White "Sanal, Vahap"]
[Black "Amin, Bassem"]
[Result "1-0"]
[WhiteElo "2590"]
[BlackElo "2617"]
[Annotator "ChessBase"]
[PlyCount "117"]
[EventDate "2021.12.29"]
[EventType "swiss"]
[EventCountry "POL"]
[Tiebreak "Cut1 Buchholz"]
[SourceTitle "playchess.com"]
[Source "ChessBase"]
[SourceQuality "1"]

1. e4 e5 2. Nc3 Nc6 3. Bc4 Bc5 4. d3 d6 5. Nge2 Na5 6. a4 Nxc4 7. dxc4 Be6 8.
Qd3 Nf6 9. h3 O-O 10. b3 Nd7 11. O-O f5 12. exf5 Bxf5 13. Ne4 Kh8 14. N2g3 Bg6
15. Qe2 h6 16. Be3 b6 17. Qg4 Qe8 18. Rae1 a5 19. Bxc5 Rf4 20. Qd1 bxc5 21. Nc3
Nf6 22. Nge2 Rh4 23. f4 Bh5 24. Qd3 Bxe2 25. Rxe2 Qh5 26. fxe5 dxe5 27. Rf5 Qg6
28. Rfxe5 Qxd3 29. cxd3 Rd4 30. R2e3 Rad8 31. Rxc5 Rxd3 32. Rxd3 Rxd3 33. Nd5
Ne4 34. Rxa5 c6 35. Ne7 Rxb3 36. Nxc6 Rb1+ 37. Kh2 Nd2 38. Kg3 Nxc4 39. Ra8+
Kh7 40. a5 Ra1 41. a6 Nb6 42. Ra7 Nd5 43. Nb8 Ra3+ 44. Kh2 Ra2 45. Rf7 Kg6 46.
Rf3 Nc7 47. Rc3 Nb5 48. Rc4 Kh7 49. Rb4 Nd6 50. Kg3 Nf5+ 51. Kf4 Ne7 52. Ke5
Rxg2 53. Ra4 Nc8 54. Rc4 Na7 55. Rc7 Nb5 56. Rb7 Nc3 57. a7 Ra2 58. Nc6 Ra6 59.
Rb8 1-0

[Event "FIDE Open World Blitz 2021"]
[Site "Warsaw"]
[Date "2021.12.29"]
[Round "2.25"]
[White "Movsesian, Sergei"]
[Black "Puranik, Abhimanyu"]
[Result "0-1"]
[WhiteElo "2615"]
[BlackElo "2604"]
[Annotator "ChessBase"]
[PlyCount "82"]
[EventDate "2021.12.29"]
[EventType "swiss"]
[EventCountry "POL"]
[Tiebreak "Cut1 Buchholz"]
[SourceTitle "playchess.com"]
[Source "ChessBase"]
[SourceQuality "1"]

1. g3 Nf6 2. Bg2 g6 3. e4 d6 4. d4 Bg7 5. Nc3 O-O 6. Nge2 e5 7. O-O Nc6 8. d5
Ne7 9. h3 c6 10. Bg5 cxd5 11. Bxf6 Bxf6 12. Nxd5 Nxd5 13. Qxd5 Be6 14. Qd2 Qc7
15. c3 h5 16. f4 exf4 17. gxf4 Bc4 18. Rfd1 Bxe2 19. Qxe2 Rfe8 20. Rd3 Re6 21.
Rad1 Rae8 22. Qf2 Bg7 23. Qxa7 d5 24. e5 g5 25. Bxd5 R6e7 26. e6 fxe6 27. Bg2
Qxf4 28. Rf1 Qc4 29. Qe3 g4 30. hxg4 hxg4 31. Rf4 Qxa2 32. Rxg4 Qb1+ 33. Kh2
Qxb2 34. Qe4 Qf2 35. Rh3 Rf7 36. Qg6 Kf8 37. Rf3 Be5+ 38. Kh1 Qe1+ 39. Bf1 Rxf3
40. Qg8+ Ke7 41. Qg5+ Kd7 0-1

[Event "FIDE Open World Blitz 2021"]
[Site "Warsaw"]
[Date "2021.12.29"]
[Round "2.25"]
[White "Krasenkow, Michal"]
[Black "Blanco Acevedo, Cristobal Jose"]
[Result "1-0"]
[WhiteElo "2576"]
[BlackElo "2350"]
[Annotator "ChessBase"]
[PlyCount "93"]
[EventDate "2021.12.29"]
[EventType "swiss"]
[EventCountry "POL"]
[Tiebreak "Cut1 Buchholz"]
[SourceTitle "playchess.com"]
[Source "ChessBase"]
[SourceQuality "1"]

1. Nf3 c5 2. c4 Nc6 3. d4 cxd4 4. Nxd4 g6 5. e4 Bg7 6. Be3 d6 7. Nc3 Nf6 8. Be2
Ng4 9. Bxg4 Bxg4 10. Nxc6 Bxd1 11. Nxd8 Bg4 12. Nxb7 Rb8 13. Na5 Rxb2 14. Rc1
Kd7 15. O-O Rc8 16. f3 Be6 17. Rf2 Rb4 18. Nd5 Ra4 19. Nb3 Raxc4 20. Rxc4 Rxc4
21. Bxa7 Rc6 22. Be3 f5 23. Rd2 fxe4 24. fxe4 Be5 25. Bd4 Bxd5 26. exd5 Rc4 27.
Bxe5 dxe5 28. Na5 Rc1+ 29. Kf2 Kd6 30. Ke3 Rb1 31. Nc4+ Kc5 32. Nxe5 Re1+ 33.
Kf4 Kd6 34. Nf7+ Kd7 35. Ng5 h6 36. Ne4 Rf1+ 37. Ke5 Rf5+ 38. Kd4 Rf1 39. Rb2
Ke8 40. a4 Ra1 41. Nc5 Kd8 42. Kc4 Kc7 43. Kb5 Kd6 44. a5 Kxd5 45. a6 Rc1 46.
Rd2+ Ke5 47. Nd3+ 1-0

[Event "FIDE Open World Blitz 2021"]
[Site "Warsaw"]
[Date "2021.12.29"]
[Round "2.26"]
[White "Saraci, Nderim"]
[Black "Sychev, Klementy"]
[Result "0-1"]
[WhiteElo "2486"]
[BlackElo "2615"]
[Annotator "ChessBase"]
[PlyCount "122"]
[EventDate "2021.12.29"]
[EventType "swiss"]
[EventCountry "POL"]
[Tiebreak "Cut1 Buchholz"]
[SourceTitle "playchess.com"]
[Source "ChessBase"]
[SourceQuality "1"]

1. d4 Nf6 2. Nf3 d5 3. c4 e6 4. g3 dxc4 5. Qa4+ Nbd7 6. Bg2 a6 7. Qxc4 b5 8.
Qc6 Rb8 9. Bg5 Bb7 10. Bxf6 Bxc6 11. Bxd8 Rxd8 12. O-O Bb7 13. Nbd2 c5 14. Rac1
Be7 15. dxc5 Bxc5 16. Nb3 Bb6 17. Nfd4 Bxg2 18. Kxg2 O-O 19. Nc6 Ra8 20. Rfd1
Nf6 21. Rd6 Bxf2 22. Kf3 Ba7 23. e4 Rfe8 24. Nxa7 Rxa7 25. Na5 Kf8 26. Rcc6
Rea8 27. b4 Nd7 28. Rc3 Ne5+ 29. Ke2 Ke7 30. Rb6 g5 31. Ke3 h5 32. Kd4 Ng4 33.
Nc6+ Kf6 34. Nxa7 Rxa7 35. Rcc6 Rd7+ 36. Rd6 Rc7 37. Rbc6 Rb7 38. h3 Nf2 39. h4
g4 40. Rxa6 Nh1 41. e5+ Kg6 42. Rd8 Nxg3 43. Rg8+ Kf5 44. Ra3 Ne4 45. Rh8 Rd7+
46. Ke3 Kxe5 47. Ra5 Rd5 48. a4 Nd6 49. Rxh5+ f5 50. axb5 Nc4+ 51. Ke2 Nxa5 52.
bxa5 Rxb5 53. a6 Ra5 54. Rh8 Rxa6 55. h5 Ke4 56. h6 Ra2+ 57. Kd1 Rh2 58. h7 e5
59. Ke1 f4 60. Kf1 Kf3 61. Kg1 g3 0-1

[Event "FIDE Open World Blitz 2021"]
[Site "Warsaw"]
[Date "2021.12.29"]
[Round "2.26"]
[White "Kosakowski, Jakub"]
[Black "Gajewski, Grzegorz"]
[Result "1-0"]
[WhiteElo "2340"]
[BlackElo "2589"]
[Annotator "ChessBase"]
[PlyCount "79"]
[EventDate "2021.12.29"]
[EventType "swiss"]
[EventCountry "POL"]
[Tiebreak "Cut1 Buchholz"]
[SourceTitle "playchess.com"]
[Source "ChessBase"]
[SourceQuality "1"]

1. e4 c5 2. Nf3 e6 3. d4 cxd4 4. Nxd4 a6 5. Bd3 Bc5 6. Nb3 Be7 7. Qg4 g6 8. Qe2
d6 9. a4 Nd7 10. Na3 Ne5 11. O-O Bd7 12. a5 Rc8 13. Be3 Qc7 14. f4 Nxd3 15.
cxd3 Nf6 16. Nc4 O-O 17. Nb6 Rcd8 18. Rac1 Qb8 19. Bd4 Bb5 20. Rc3 Nd7 21. Rfc1
Rfe8 22. Kh1 e5 23. fxe5 dxe5 24. Be3 Nxb6 25. Bxb6 Rd7 26. Qe3 Bf8 27. Nc5 Rd6
28. Qf3 Bg7 29. Rf1 f6 30. Rfc1 Bc6 31. Qf2 Qc8 32. b4 Qg4 33. h3 Qg5 34. Nxa6
Bxe4 35. dxe4 bxa6 36. Be3 Qh5 37. Rc7 Rd1+ 38. Kh2 Rxc1 39. Bxc1 f5 40. Qa2+
1-0

[Event "FIDE Open World Blitz 2021"]
[Site "Warsaw"]
[Date "2021.12.29"]
[Round "2.27"]
[White "Sargsyan, Shant"]
[Black "Kuzmicz, Krystian"]
[Result "0-1"]
[WhiteElo "2628"]
[BlackElo "2281"]
[Annotator "ChessBase"]
[PlyCount "118"]
[EventDate "2021.12.29"]
[EventType "swiss"]
[EventCountry "POL"]
[Tiebreak "Cut1 Buchholz"]
[SourceTitle "playchess.com"]
[Source "ChessBase"]
[SourceQuality "1"]

1. d4 g6 2. e4 Bg7 3. c4 e6 4. Nc3 Ne7 5. Nf3 d5 6. e5 c5 7. dxc5 Nbc6 8. Bf4
Qa5 9. a3 Qxc5 10. b4 Qb6 11. c5 Qd8 12. Bb5 O-O 13. O-O f6 14. Bxc6 Nxc6 15.
Qe2 fxe5 16. Bxe5 Nxe5 17. Nxe5 Qg5 18. Rae1 b6 19. c6 Rf5 20. Nf3 Qd8 21. Qd2
Rxf3 22. gxf3 Qf6 23. Ne2 Qxf3 24. Ng3 Ba6 25. Re3 Qf7 26. Rfe1 Bh6 27. a4 Bxe3
28. Qxe3 Re8 29. b5 Bc8 30. Qe5 Rf8 31. Re2 Qf3 32. Qd4 e5 33. Rxe5 Bh3 34.
Qxd5+ Qxd5 35. Rxd5 Re8 36. f4 Re1+ 37. Kf2 Rc1 38. f5 Rc4 39. Rd8+ Kf7 40.
Rd7+ Kf6 41. Rxa7 gxf5 42. a5 bxa5 43. c7 f4 44. Ne2 Rb4 45. Rxa5 Ke7 46. Nc3
Kd7 47. Nd5 Rb2+ 48. Ke1 f3 49. Ne3 Re2+ 50. Kd1 Rxe3 51. b6 f2 52. Rd5+ Ke7
53. Kd2 f1=Q 54. Kxe3 Qe1+ 55. Kd4 Qb4+ 56. Ke5 Qxb6 57. Kf4 Qxc7+ 58. Kg5 Be6
59. Rd2 Qc1 0-1

[Event "FIDE Open World Blitz 2021"]
[Site "Warsaw"]
[Date "2021.12.29"]
[Round "2.27"]
[White "Sindarov, Javokhir"]
[Black "Matlakov, Maxim"]
[Result "1/2-1/2"]
[WhiteElo "2587"]
[BlackElo "2614"]
[Annotator "ChessBase"]
[PlyCount "80"]
[EventDate "2021.12.29"]
[EventType "swiss"]
[EventCountry "POL"]
[Tiebreak "Cut1 Buchholz"]
[SourceTitle "playchess.com"]
[Source "ChessBase"]
[SourceQuality "1"]

1. e4 e5 2. Nf3 Nc6 3. Bc4 Nf6 4. Ng5 d5 5. exd5 Na5 6. Bb5+ c6 7. dxc6 bxc6 8.
Bd3 Nd5 9. Nf3 Bd6 10. O-O Nf4 11. Re1 Nxd3 12. cxd3 O-O 13. Nc3 c5 14. b3 Nc6
15. Ba3 Re8 16. Rc1 Nb4 17. Bxb4 cxb4 18. Ne4 Bf8 19. Nc5 Qd5 20. d4 Bg4 21. h3
Bxf3 22. Qxf3 Qxf3 23. gxf3 exd4 24. Nd3 g6 25. Kf1 Rxe1+ 26. Kxe1 Re8+ 27. Kd1
Re6 28. Rc4 Ra6 29. Nxb4 Bxb4 30. Rxb4 Rxa2 31. Rxd4 Kg7 32. Ra4 Rb2 33. Ra3
Rb1+ 34. Ke2 a5 35. d4 Kf6 36. Kd3 Ke6 37. Kc4 Rc1+ 38. Kd3 Rb1 39. Kc4 Rc1+
40. Kd3 Rb1 1/2-1/2

[Event "FIDE Open World Blitz 2021"]
[Site "Warsaw"]
[Date "2021.12.29"]
[Round "2.28"]
[White "Vokhidov, Shamsiddin"]
[Black "Holm, Kristian Stuvik"]
[Result "0-1"]
[WhiteElo "2613"]
[BlackElo "2471"]
[Annotator "ChessBase"]
[PlyCount "122"]
[EventDate "2021.12.29"]
[EventType "swiss"]
[EventCountry "POL"]
[Tiebreak "Cut1 Buchholz"]
[SourceTitle "playchess.com"]
[Source "ChessBase"]
[SourceQuality "1"]

1. e4 c5 2. Nf3 g6 3. c3 d5 4. exd5 Qxd5 5. d4 Bg7 6. Na3 cxd4 7. Bc4 Qe4+ 8.
Be3 Nh6 9. cxd4 O-O 10. O-O Bg4 11. Bd3 Qd5 12. Nb5 Bxf3 13. Qxf3 Qxf3 14. gxf3
Nc6 15. d5 Nb4 16. Bc4 Nc2 17. Rac1 Nxe3 18. fxe3 Bxb2 19. Rb1 Bf6 20. Bd3 a6
21. Na3 b5 22. Nc2 Bc3 23. Kf2 Rfc8 24. Ke2 f6 25. e4 Nf7 26. f4 g5 27. Ne3
gxf4 28. Nf5 Kf8 29. Rxf4 Nd6 30. Nh6 Be5 31. Rg4 Ke8 32. h4 Kd7 33. Rg7 f5 34.
Rg5 Bf4 35. exf5 Bxg5 36. hxg5 Rc5 37. g6 hxg6 38. fxg6 Rxd5 39. Rg1 Rh5 40. g7
Rxh6 41. g8=Q Rxg8 42. Rxg8 Rh2+ 43. Ke3 Rxa2 44. Kd4 b4 45. Ra8 a5 46. Kd5 Rd2
47. Ra7+ Kd8 48. Kc6 Rxd3 49. Rxa5 b3 50. Ra8+ Nc8 51. Rb8 e5 52. Kc5 e4 53.
Kc4 Kc7 54. Rb4 Nd6+ 55. Kc5 Rc3+ 56. Kd5 Rd3+ 57. Kc5 e3 58. Rg4 b2 59. Rg7+
Kd8 60. Rg8+ Ke7 61. Rb8 Rd2 0-1

[Event "FIDE Open World Blitz 2021"]
[Site "Warsaw"]
[Date "2021.12.29"]
[Round "2.28"]
[White "Sankalp, Gupta"]
[Black "Vakhidov, Jakhongir"]
[Result "1-0"]
[WhiteElo "2323"]
[BlackElo "2557"]
[Annotator "ChessBase"]
[PlyCount "105"]
[EventDate "2021.12.29"]
[EventType "swiss"]
[EventCountry "POL"]
[Tiebreak "Cut1 Buchholz"]
[SourceTitle "playchess.com"]
[Source "ChessBase"]
[SourceQuality "1"]

1. d4 Nf6 2. Nf3 g6 3. Nc3 d5 4. Bf4 Bg7 5. Nb5 Na6 6. e3 c6 7. Nc3 Nc7 8. h3
O-O 9. Bd3 c5 10. dxc5 Ne6 11. Be5 Nxc5 12. O-O b6 13. b4 Ncd7 14. Bh2 Bb7 15.
Rc1 Rc8 16. Ne2 Re8 17. Ne5 Nh5 18. Nxd7 Qxd7 19. Nd4 a6 20. Be2 e5 21. Bg4 Qa4
22. Bxc8 Rxc8 23. Nf3 Re8 24. c4 Qxa2 25. c5 bxc5 26. bxc5 Bc6 27. Rb1 Bb5 28.
Re1 f5 29. Ra1 Qc4 30. Rc1 Qa2 31. c6 Bc4 32. Nd2 Bb5 33. c7 Bd7 34. Nb3 Be6
35. Nc5 Bc8 36. Re2 Qa3 37. Qxd5+ Kf8 38. Rec2 Nf6 39. Qd6+ Kf7 40. Bxe5 Ne4
41. Qd5+ Kf8 42. Bxg7+ Kxg7 43. Nxe4 fxe4 44. Qd4+ Kf7 45. Rc6 Qe7 46. Rd6 a5
47. Rd8 h5 48. Qd5+ Kf6 49. Rxe8 Qxe8 50. Rc6+ Kg7 51. Rd6 Qa4 52. Qe5+ Kh7 53.
Rd8 1-0

[Event "FIDE Open World Blitz 2021"]
[Site "Warsaw"]
[Date "2021.12.29"]
[Round "2.29"]
[White "Teclaf, Pawel"]
[Black "Bluebaum, Matthias"]
[Result "1/2-1/2"]
[WhiteElo "2543"]
[BlackElo "2609"]
[Annotator "ChessBase"]
[PlyCount "63"]
[EventDate "2021.12.29"]
[EventType "swiss"]
[EventCountry "POL"]
[Tiebreak "Cut1 Buchholz"]
[SourceTitle "playchess.com"]
[Source "ChessBase"]
[SourceQuality "1"]

1. c4 e6 2. g3 d5 3. Bg2 Nf6 4. Nf3 dxc4 5. Qa4+ Bd7 6. Qxc4 c5 7. Ne5 Qc8 8.
Qd3 Bc6 9. Nxc6 Nxc6 10. Nc3 Be7 11. b3 O-O 12. Bb2 Rd8 13. Qb1 Qd7 14. d3 Rac8
15. O-O a6 16. Qd1 b5 17. Rc1 Nd4 18. Ne4 Nxe4 19. Bxe4 Bf6 20. Ba1 Qe7 21. e3
Nf5 22. Bxf5 exf5 23. Bxf6 Qxf6 24. Qe2 g6 25. Rc2 Qd6 26. Rfc1 Qxd3 27. Qxd3
Rxd3 28. Rxc5 Rxc5 29. Rxc5 Rd2 30. a4 b4 31. Rc6 Rb2 32. Rxa6 1/2-1/2

[Event "FIDE Open World Blitz 2021"]
[Site "Warsaw"]
[Date "2021.12.29"]
[Round "2.29"]
[White "Szpar, Milosz"]
[Black "Shoker, Samy"]
[Result "1-0"]
[WhiteElo "2285"]
[BlackElo "2504"]
[Annotator "ChessBase"]
[PlyCount "157"]
[EventDate "2021.12.29"]
[EventType "swiss"]
[EventCountry "POL"]
[Tiebreak "Cut1 Buchholz"]
[SourceTitle "playchess.com"]
[Source "ChessBase"]
[SourceQuality "1"]

1. e4 g6 2. d4 Bg7 3. Nf3 d6 4. Bc4 a6 5. O-O e6 6. Bb3 Nd7 7. Re1 Ne7 8. Nbd2
h6 9. Nf1 b6 10. Ng3 Bb7 11. c3 c6 12. Be3 Qc7 13. Qd2 Rc8 14. Rad1 b5 15. h4
a5 16. a3 Nb6 17. h5 g5 18. Qe2 Ba6 19. Nh2 Qb7 20. Qg4 a4 21. Ba2 Rg8 22. f4
Nc4 23. Bc1 c5 24. fxg5 hxg5 25. Bxc4 bxc4 26. d5 Qd7 27. dxe6 fxe6 28. Nf3 Bb7
29. h6 Bh8 30. Qh5+ Kd8 31. Nxg5 Kc7 32. Qh3 Be5 33. Nxe6+ Kb6 34. Nh5 Rg6 35.
Ng5 Qxh3 36. Nxh3 Rh8 37. Re2 Rhxh6 38. Bxh6 Rxh6 39. N5f4 Rh4 40. g3 Rg4 41.
Kf2 Rg8 42. Nd5+ Nxd5 43. exd5 Bxg3+ 44. Ke3 Be5 45. Rg1 Rh8 46. Ng5 Bxd5 47.
Rd2 Kc6 48. Rgd1 Bg8 49. Ke4 Rh4+ 50. Kf5 Rf4+ 51. Kg6 Rg4 52. Kf5 Rf4+ 53. Kg6
Rg4 54. Kf5 Rf4+ 55. Kg6 Rf6+ 56. Kh5 Rf4 57. Kg6 Rg4 58. Kf5 Rf4+ 59. Kg6 Rf6+
60. Kh5 Rf8 61. Kg6 Rf6+ 62. Kh5 d5 63. Re2 Bf4 64. Kg4 Bd6 65. Rde1 d4 66. Ne4
Rg6+ 67. Kf5 Bh7 68. Nxd6 Rxd6+ 69. Kf4 dxc3 70. bxc3 Rf6+ 71. Kg5 Rf3 72. Re3
Rf8 73. Re6+ Kd7 74. Re7+ Kd6 75. Rxh7 Rg8+ 76. Kf6 Rf8+ 77. Rf7 Rh8 78. Re6+
Kd5 79. Rd7# 1-0

[Event "FIDE Open World Blitz 2021"]
[Site "Warsaw"]
[Date "2021.12.29"]
[Round "2.30"]
[White "Kovalev, Vladislav"]
[Black "Wieczorek, Oskar"]
[Result "1-0"]
[WhiteElo "2634"]
[BlackElo "2258"]
[Annotator "ChessBase"]
[PlyCount "52"]
[EventDate "2021.12.29"]
[EventType "swiss"]
[EventCountry "POL"]
[Tiebreak "Cut1 Buchholz"]
[SourceTitle "playchess.com"]
[Source "ChessBase"]
[SourceQuality "1"]

1. e4 c5 2. Nf3 g6 3. d4 cxd4 4. Nxd4 Nc6 5. Nc3 Bg7 6. Be3 Nf6 7. Bc4 O-O 8.
Bb3 Re8 9. O-O d6 10. h3 Na5 11. Qd2 a6 12. Bh6 b5 13. Bxg7 Kxg7 14. Rfe1 Nxb3
15. axb3 Bb7 16. b4 Rc8 17. Nd5 e5 18. Nxf6 Qxf6 19. Nb3 Red8 20. Qe2 Rc4 21.
f3 Rxb4 22. Na5 Ba8 23. b3 Rc8 24. Rec1 Qf4 25. c3 Rd4 26. Rc2 Bxe4 1-0

[Event "FIDE Open World Blitz 2021"]
[Site "Warsaw"]
[Date "2021.12.29"]
[Round "2.30"]
[White "Aditya, Mittal"]
[Black "Indjic, Aleksandar"]
[Result "0-1"]
[WhiteElo "2245"]
[BlackElo "2603"]
[Annotator "ChessBase"]
[PlyCount "86"]
[EventDate "2021.12.29"]
[EventType "swiss"]
[EventCountry "POL"]
[Tiebreak "Cut1 Buchholz"]
[SourceTitle "playchess.com"]
[Source "ChessBase"]
[SourceQuality "1"]

1. d4 Nf6 2. c4 c5 3. d5 e6 4. Nc3 exd5 5. cxd5 d6 6. e4 g6 7. Nf3 a6 8. a4 Bg4
9. Be2 Bxf3 10. Bxf3 Nbd7 11. O-O Bg7 12. Bf4 Qe7 13. h3 O-O 14. Re1 Rfe8 15.
Qb3 Rab8 16. Be2 h5 17. Bf1 Nh7 18. a5 g5 19. Bh2 Be5 20. g3 g4 21. hxg4 hxg4
22. Qd1 Qg5 23. f4 gxf3 24. Qxf3 Bd4+ 25. Kg2 Ne5 26. Qf4 Qg7 27. Be2 Ng6 28.
Qxd6 Ng5 29. Bh5 Rbd8 30. Qc7 Be5 31. Qxc5 Nf4+ 32. gxf4 Nxe4+ 33. Kf3 Nxc5 34.
fxe5 Qh7 35. Bg4 Qxh2 36. Rh1 Qxe5 37. Rag1 Qe3+ 38. Kg2 Nd3 39. Bf5 Nf4+ 40.
Kf1+ Kf8 41. Rh8+ Ke7 42. d6+ Kxd6 43. Ne4+ Kc7 0-1

[Event "FIDE Open World Blitz 2021"]
[Site "Warsaw"]
[Date "2021.12.29"]
[Round "2.31"]
[White "Petrosian, Tigran L."]
[Black "Faizrakhmanov, Ramil"]
[Result "0-1"]
[WhiteElo "2602"]
[BlackElo "2396"]
[Annotator "ChessBase"]
[PlyCount "132"]
[EventDate "2021.12.29"]
[EventType "swiss"]
[EventCountry "POL"]
[Tiebreak "Cut1 Buchholz"]
[SourceTitle "playchess.com"]
[Source "ChessBase"]
[SourceQuality "1"]

1. Nf3 Nf6 2. g3 d5 3. Bg2 c6 4. c4 dxc4 5. O-O Nbd7 6. Na3 Nb6 7. Qc2 g6 8.
Nxc4 Nxc4 9. Qxc4 Bg7 10. d3 O-O 11. Bd2 Nd5 12. Qc2 a5 13. a3 a4 14. d4 Bg4
15. e3 Bxf3 16. Bxf3 e5 17. dxe5 Bxe5 18. Rab1 Qf6 19. Bg2 Rfd8 20. Kh1 Bc7 21.
e4 Ne7 22. f4 Qd4 23. Bb4 Qf6 24. Bh3 Nc8 25. Rbd1 Nb6 26. e5 Qg7 27. Rxd8+
Rxd8 28. Be7 Re8 29. Bf6 Qf8 30. Rd1 Bd8 31. Qf2 Nd5 32. Bxd8 Rxd8 33. Qd4 b5
34. e6 Qe7 35. exf7+ Qxf7 36. Re1 Qf6 37. Re5 Nc7 38. Qe4 Qd6 39. Bf1 Qd1 40.
Kg1 Qd4+ 41. Qxd4 Rxd4 42. Kf2 Nd5 43. Bg2 b4 44. axb4 Rxb4 45. Bxd5+ cxd5 46.
Rxd5 Rxb2+ 47. Kf3 Rxh2 48. Ra5 Ra2 49. Ra7 a3 50. Kg4 h6 51. f5 gxf5+ 52. Kxf5
Ra1 53. Kg6 Kf8 54. Kf5 a2 55. Ra8+ Ke7 56. Ra7+ Kd6 57. Ra6+ Kc5 58. Kg4 h5+
59. Kg5 h4 60. gxh4 Rg1+ 61. Kf6 a1=Q+ 62. Rxa1 Rxa1 63. h5 Rh1 64. Kg6 Kd6 65.
h6 Ke7 66. Kg7 Rg1+ 0-1

[Event "FIDE Open World Blitz 2021"]
[Site "Warsaw"]
[Date "2021.12.29"]
[Round "2.31"]
[White "Lopusiewicz, Piotr"]
[Black "Schneider, Ilja"]
[Result "1-0"]
[WhiteElo "2279"]
[BlackElo "2486"]
[Annotator "ChessBase"]
[PlyCount "47"]
[EventDate "2021.12.29"]
[EventType "swiss"]
[EventCountry "POL"]
[Tiebreak "Cut1 Buchholz"]
[SourceTitle "playchess.com"]
[Source "ChessBase"]
[SourceQuality "1"]

1. d4 d5 2. c4 c6 3. Nf3 Nf6 4. cxd5 cxd5 5. Nc3 Nc6 6. Bf4 a6 7. Qb3 Na5 8.
Qc2 e6 9. e3 Bd7 10. Bd3 Nh5 11. Be5 f6 12. Bg3 g5 13. Bxh7 Qe7 14. Bg6+ Kd8
15. Nxd5 Qb4+ 16. Nxb4 Bxb4+ 17. Kf1 Rc8 18. Qd1 Nxg3+ 19. fxg3 Nc4 20. Kf2 g4
21. a3 Ba5 22. b4 Bc7 23. Nd2 Nd6 24. Bd3 1-0

[Event "FIDE Open World Blitz 2021"]
[Site "Warsaw"]
[Date "2021.12.29"]
[Round "2.32"]
[White "Postny, Evgeny"]
[Black "Sallam, Sabri Abdul-Mawla"]
[Result "1-0"]
[WhiteElo "2557"]
[BlackElo "2194"]
[Annotator "ChessBase"]
[PlyCount "47"]
[EventDate "2021.12.29"]
[EventType "swiss"]
[EventCountry "POL"]
[Tiebreak "Cut1 Buchholz"]
[SourceTitle "playchess.com"]
[Source "ChessBase"]
[SourceQuality "1"]

1. d4 Nf6 2. c4 c6 3. Nf3 d5 4. Nc3 a6 5. c5 g6 6. Bf4 Bg7 7. h3 O-O 8. e3 Nbd7
9. Be2 Re8 10. O-O b5 11. cxb6 Qxb6 12. Qc2 Ne4 13. Nxe4 dxe4 14. Qxe4 Qxb2 15.
Qxc6 Qb7 16. Rac1 Qxc6 17. Rxc6 e5 18. dxe5 Nxe5 19. Nxe5 Bxe5 20. Bxe5 Rxe5
21. Bc4 a5 22. Rd1 Kg7 23. Rd4 Rg5 24. g4 1-0

[Event "FIDE Open World Blitz 2021"]
[Site "Warsaw"]
[Date "2021.12.29"]
[Round "2.32"]
[White "Klimkowski, Jan"]
[Black "Erdos, Viktor"]
[Result "1-0"]
[WhiteElo "2015"]
[BlackElo "2599"]
[Annotator "ChessBase"]
[PlyCount "65"]
[EventDate "2021.12.29"]
[EventType "swiss"]
[EventCountry "POL"]
[Tiebreak "Cut1 Buchholz"]
[SourceTitle "playchess.com"]
[Source "ChessBase"]
[SourceQuality "1"]

1. e4 e5 2. Nf3 Nc6 3. Bb5 a6 4. Ba4 Nf6 5. O-O Be7 6. Re1 b5 7. Bb3 d6 8. c3
O-O 9. h3 Re8 10. d4 Bb7 11. Bc2 exd4 12. Nxd4 Bf8 13. f3 Ne5 14. Bg5 h6 15.
Bh4 Ng6 16. Bg3 Nh5 17. Bh2 Qg5 18. Qd2 Ngf4 19. Kh1 c5 20. Nf5 d5 21. h4 Qf6
22. Bxf4 dxe4 23. fxe4 g6 24. e5 Qd8 25. Nxh6+ Bxh6 26. Qxd8 Nxf4 27. Qd7 Nxg2
28. Rg1 Ne3+ 29. Qxb7 Nxc2 30. e6 Rf8 31. exf7+ Kh8 32. Qc6 Ra7 33. Qxg6 1-0

[Event "FIDE Open World Blitz 2021"]
[Site "Warsaw"]
[Date "2021.12.29"]
[Round "2.33"]
[White "Cheparinov, Ivan"]
[Black "Dudin, Gleb"]
[Result "1/2-1/2"]
[WhiteElo "2594"]
[BlackElo "2339"]
[Annotator "ChessBase"]
[PlyCount "139"]
[EventDate "2021.12.29"]
[EventType "swiss"]
[EventCountry "POL"]
[Tiebreak "Cut1 Buchholz"]
[SourceTitle "playchess.com"]
[Source "ChessBase"]
[SourceQuality "1"]

1. d4 d5 2. c4 c6 3. Nf3 Nf6 4. Nc3 dxc4 5. a4 Bf5 6. Ne5 Nbd7 7. Nxc4 Nb6 8.
Ne5 a5 9. e3 g6 10. Bd3 Bxd3 11. Nxd3 Bg7 12. Qb3 O-O 13. O-O Nfd7 14. Rd1 Qc7
15. Bd2 e5 16. Rac1 exd4 17. exd4 Qd6 18. Bf4 Qe6 19. d5 cxd5 20. Nb5 Rac8 21.
Nc7 Qf6 22. Nxd5 Qe6 23. Nc5 Rxc5 24. Rxc5 Nxc5 25. Qxb6 Qxb6 26. Nxb6 Bxb2 27.
Rd5 Ne6 28. Bd2 Rd8 29. Rxd8+ Nxd8 30. Nc4 Bd4 31. Nxa5 Bb6 32. Nc4 Bc7 33. g4
Nc6 34. f4 Kf8 35. Kf2 Ke7 36. Kf3 Ke6 37. Bc3 f5 38. h3 Ne7 39. Bd2 Nd5 40.
Nb2 Bd6 41. Nc4 Bc7 42. Nb2 Bd6 43. Nd3 Kf7 44. Be1 Ke6 45. Ba5 Ne7 46. Bd2 Nd5
47. Be1 Ne7 48. Bf2 Kd5 49. Be1 Nc6 50. gxf5 gxf5 51. Nf2 Kc4 52. Nd1 Kb3 53.
Bf2 Kxa4 54. Ne3 Ne7 55. Bh4 b5 56. Bxe7 Bxe7 57. Nxf5 Bf6 58. Ne3 b4 59. Ke4
b3 60. Nd1 Kb4 61. Kd3 Kc5 62. Ne3 Bg7 63. Nf5 Bf6 64. Ng3 Kd5 65. Ne4 Bg7 66.
Nd2 b2 67. Nb1 Bf6 68. Nd2 Bg7 69. Nb1 Bf6 70. Nd2 1/2-1/2

[Event "FIDE Open World Blitz 2021"]
[Site "Warsaw"]
[Date "2021.12.29"]
[Round "2.33"]
[White "Thybo, Jesper Sondergaard"]
[Black "Tazbir, Marcin"]
[Result "1-0"]
[WhiteElo "2195"]
[BlackElo "2508"]
[Annotator "ChessBase"]
[PlyCount "71"]
[EventDate "2021.12.29"]
[EventType "swiss"]
[EventCountry "POL"]
[Tiebreak "Cut1 Buchholz"]
[SourceTitle "playchess.com"]
[Source "ChessBase"]
[SourceQuality "1"]

1. d4 d5 2. Nf3 Nf6 3. Bf4 e6 4. e3 Bd6 5. Bg3 Ne4 6. Nbd2 Nxg3 7. hxg3 h6 8.
Bd3 c5 9. c3 Nc6 10. g4 g6 11. g5 h5 12. Qe2 Qb6 13. dxc5 Bxc5 14. e4 d4 15.
Nc4 Qc7 16. cxd4 Nxd4 17. Nxd4 Bxd4 18. e5 Kf8 19. O-O Bd7 20. Rac1 Bc6 21. Be4
Qe7 22. Bxc6 bxc6 23. Qe4 Rd8 24. Na5 c5 25. b4 Qxg5 26. Nc6 Rd5 27. bxc5 Bxe5
28. f4 Bxf4 29. Qxf4 Qxf4 30. Rxf4 Kg7 31. Nxa7 Ra8 32. c6 Rxa7 33. c7 Rxa2 34.
c8=Q Rg5 35. Qc3+ e5 36. Rf2 1-0

[Event "FIDE Open World Blitz 2021"]
[Site "Warsaw"]
[Date "2021.12.29"]
[Round "2.34"]
[White "Kantor, Gergely"]
[Black "Masternak, Grzegorz"]
[Result "1/2-1/2"]
[WhiteElo "2566"]
[BlackElo "2188"]
[Annotator "ChessBase"]
[PlyCount "63"]
[EventDate "2021.12.29"]
[EventType "swiss"]
[EventCountry "POL"]
[Tiebreak "Cut1 Buchholz"]
[SourceTitle "playchess.com"]
[Source "ChessBase"]
[SourceQuality "1"]

1. Nf3 d5 2. e3 Nf6 3. c4 e6 4. b3 Be7 5. Bb2 O-O 6. Nc3 b6 7. cxd5 exd5 8. g3
Bb7 9. Ne2 d4 10. Nexd4 c5 11. Nf5 Be4 12. Nxe7+ Qxe7 13. Bg2 Rd8 14. O-O Nc6
15. d4 Nb4 16. Bc3 Nbd5 17. Rc1 Rac8 18. Qd2 Bxf3 19. Bxf3 Ne4 20. Bxe4 Qxe4
21. Ba1 h5 22. Qb2 f6 23. dxc5 bxc5 24. Rc4 Qf3 25. Qc1 Nb4 26. Rxc5 Nd3 27.
Qc4+ Kh7 28. Rxc8 Rd5 29. Qh4 Rg5 30. Rc4 Kg6 31. Qe4+ Qxe4 32. Rxe4 1/2-1/2